Manual de filosofía
Salvato in:
| Autore principale: | |
|---|---|
| Altri autori: | |
| Natura: | Libro |
| Lingua: | spagnolo |
| Pubblicazione: |
Paris :
1886
|
| Catalogo: | BNM: Risultati della ricerca del catalogo della biblioteca |
| Libro di testo Classificazione: |
|
| Soggetti: | |
| Tags: |
Aggiungi Tag
Nessun Tag, puoi essere il primo ad aggiungerne!!
|
| Aggiunto a: | 1999-12-31 |
| Cambiato in: | 2022-03-11 |
MARC
| LEADER | 00000cam a22000004a 4500 | ||
|---|---|---|---|
| 003 | AR-BaBNM | ||
| 007 | ta | ||
| 008 | 000101s1886 fr ||||| |||||||||||spa|d | ||
| 005 | 20220311063605.0 | ||
| 035 | |a 000027872 | ||
| 040 | |a AR-BaBNM |b spa | ||
| 080 | |a 1 | ||
| 100 | 1 | |a Jacques, Amadeo |d 1813-1865. | |
| 245 | 1 | 0 | |a Manual de filosofía / |c Amédée Jacques, Jules Simon, Emile Saisset |
| 260 | |a Paris : |b Librería Hachette y Ca., |c 1886 | ||
| 300 | |a 604 p. | ||
| 500 | |a Obra autorizada por el Consejo de la Instrucción Pública | ||
| 505 | 8 | 0 | |t Introducción y psicología / |r Amédée Jaques -- |t Lógica, historia de la filosofia / |r Jules Simon -- |t Moral y teodicea / |r Emile Saisset. |
| 650 | 4 | |a Psicología |9 9682 |a Lógica |9 8890 |a Moral |9 9100 |a Teología |9 11226 |a Historia de la filosofía |9 8386 |a Enseñanza de la filosofía |9 7746 |a ENSEÑANZA DE LA PSICOLOGIA |a Manuales |9 8920 |a Filosofía de la religión |9 8051 |a Educación secundaria |9 7637 | |
| 655 | 4 | |a Libros de texto | |
| 700 | 1 | |a Simon, Jules |a Saisset, Emile |a Jaques, Amédée | |
| 942 | |2 udc |c LIBRO | ||
| 999 | |c 62539 |d 62539 | ||
| 999 | |c KOHA-OAI-TEST:62539 |d 62539 | ||